[Event "4NCL9495 2nd Season"]
[Site "Various Venues"]
[Date "1995.01.21"]
[Round "5.2"]
[White "Piper, Matthew"]
[Black "Littlewood, Paul E"]
[Result "1/2-1/2"]
[WhiteElo "2285"]
[BlackElo "2445"]
[PlyCount "38"]
[EventDate "1994.10.01"]
[EventType "team-tourn"]
[EventRounds "11"]
[EventCountry "GBR"]
[SourceTitle "BritBase"]
[SourceDate "2020.05.17"]
[SourceVersion "1"]
[SourceVersionDate "2020.05.17"]
[SourceQuality "1"]
[WhiteTeam "Barbican"]
[BlackTeam "Wood Green"]
[WhiteTeamCountry "ENG"]
[BlackTeamCountry "ENG"]

1. e4 e5 2. Nf3 Nc6 3. Nc3 Nf6 4. d4 exd4 5. Nxd4 Bb4 6. Nxc6 bxc6 7. Bd3 d6 8.
O-O Ng4 9. h3 Ne5 10. Be2 Qh4 11. f4 Ng6 12. Qe1 Qxe1 13. Rxe1 O-O 14. Bf3 Rb8
15. Kh2 Nh4 16. a3 Nxf3+ 17. gxf3 Bxc3 18. bxc3 Ba6 19. a4 Bc4 1/2-1/2

[Event "4NCL9495 2nd Season"]
[Site "Various Venues"]
[Date "1995.01.21"]
[Round "5.3"]
[White "Law, Andrew P"]
[Black "Duncan, Christopher R"]
[Result "1/2-1/2"]
[WhiteElo "2360"]
[BlackElo "2310"]
[PlyCount "58"]
[EventDate "1994.10.01"]
[EventType "team-tourn"]
[EventRounds "11"]
[EventCountry "GBR"]
[SourceTitle "BritBase"]
[SourceDate "2020.05.17"]
[SourceVersion "1"]
[SourceVersionDate "2020.05.17"]
[SourceQuality "1"]
[WhiteTeam "Wood Green"]
[BlackTeam "Barbican"]
[WhiteTeamCountry "ENG"]
[BlackTeamCountry "ENG"]

1. d4 Nf6 2. c4 d6 3. Nf3 Bg4 4. Nc3 e6 5. Bg5 Nbd7 6. e3 c6 7. Be2 Be7 8. O-O
O-O 9. b4 c5 10. dxc5 dxc5 11. b5 Ne8 12. Bf4 Bf6 13. Rc1 Qe7 14. h3 Bh5 15.
Ne4 e5 16. Bg3 Bg6 17. Bd3 Bxe4 18. Bxe4 Nd6 19. Qc2 g6 20. Rfd1 Rfd8 21. Nd2
Nb6 22. a4 a5 23. Bd3 Bg7 24. Ne4 f5 25. Nxc5 Rac8 26. Nb3 Ndxc4 27. Qe2 Kh8
28. Bxc4 Rxd1+ 29. Qxd1 Rxc4 1/2-1/2

[Event "4NCL9495 2nd Season"]
[Site "Various Venues"]
[Date "1995.01.21"]
[Round "5.4"]
[White "Kenworthy, Gary"]
[Black "Friedgood, David"]
[Result "1-0"]
[WhiteElo "2290"]
[BlackElo "2285"]
[PlyCount "63"]
[EventDate "1994.10.01"]
[EventType "team-tourn"]
[EventRounds "11"]
[EventCountry "GBR"]
[SourceTitle "BritBase"]
[SourceDate "2020.05.17"]
[SourceVersion "1"]
[SourceVersionDate "2020.05.17"]
[SourceQuality "1"]
[WhiteTeam "Barbican"]
[BlackTeam "Wood Green"]
[WhiteTeamCountry "ENG"]
[BlackTeamCountry "ENG"]

1. e4 c5 2. Nf3 Nc6 3. d4 cxd4 4. Nxd4 e5 5. Nb5 d6 6. a4 Be6 7. N1c3 a6 8. Na3
Nf6 9. Bc4 Nxe4 10. Nxe4 d5 11. Bg5 Qa5+ 12. Bd2 Qc7 13. Bb3 dxe4 14. Bxe6 fxe6
15. Qg4 Nd4 16. O-O Bxa3 17. Rxa3 O-O 18. Rc3 Qd7 19. Qxe4 Qd5 20. Re1 Nc6 21.
Qe2 Rad8 22. Be3 e4 23. h3 Nd4 24. Bxd4 Qxd4 25. Rc4 Qxb2 26. Qxe4 Rd6 27. Re3
Qf6 28. Rf3 Qa1+ 29. Kh2 Rxf3 30. Qxf3 Qe5+ 31. g3 Qf5 32. Rf4 1-0

[Event "4NCL9495 2nd Season"]
[Site "Various Venues"]
[Date "1995.01.21"]
[Round "5.5"]
[White "James, Geoffrey H"]
[Black "Byway, Paul V"]
[Result "1-0"]
[WhiteElo "2210"]
[BlackElo "2295"]
[PlyCount "91"]
[EventDate "1994.10.01"]
[EventType "team-tourn"]
[EventRounds "11"]
[EventCountry "GBR"]
[SourceTitle "BritBase"]
[SourceDate "2020.05.17"]
[SourceVersion "1"]
[SourceVersionDate "2020.05.17"]
[SourceQuality "1"]
[WhiteTeam "Wood Green"]
[BlackTeam "Barbican"]
[WhiteTeamCountry "ENG"]
[BlackTeamCountry "ENG"]

1. e4 e6 2. Nc3 d5 3. Nf3 Nf6 4. e5 Nfd7 5. d4 c5 6. dxc5 Bxc5 7. Bd3 Nc6 8.
Bf4 f6 9. exf6 Nxf6 10. O-O O-O 11. Ne5 Ne4 12. Bxe4 Rxf4 13. Nd3 Rxe4 14. Nxe4
Bb6 15. Ng3 e5 16. c3 Be6 17. Kh1 Qf6 18. f3 Rd8 19. Qe2 Bf7 20. Rfe1 Re8 21.
Qc2 h5 22. h3 h4 23. Ne2 Bg6 24. Rad1 Rd8 25. Rf1 Bf5 26. Qa4 Qg6 27. Nb4 Ne7
28. c4 d4 29. Qb5 d3 30. Ng1 a5 31. Qxe5 axb4 32. Qxe7 Re8 33. Qxh4 Re2 34.
Nxe2 dxe2 35. Rd8+ Bxd8 36. Qxd8+ Kh7 37. Qh4+ Kg8 38. Re1 Bd3 39. b3 Qb6 40.
c5 Qa6 41. Qd4 Qg6 42. Qd6 Qf5 43. Kg1 Ba6 44. Qe7 Qc2 45. Qe8+ Kh7 46. Qe4+
1-0

[Event "4NCL9495 2nd Season"]
[Site "Various Venues"]
[Date "1995.01.21"]
[Round "5.7"]
[White "Tebbs, Howard L"]
[Black "Reuben, Stewart"]
[Result "1/2-1/2"]
[WhiteElo "2110"]
[BlackElo "2270"]
[PlyCount "33"]
[EventDate "1994.10.01"]
[EventType "team-tourn"]
[EventRounds "11"]
[EventCountry "GBR"]
[SourceTitle "BritBase"]
[SourceDate "2020.05.17"]
[SourceVersion "1"]
[SourceVersionDate "2020.05.17"]
[SourceQuality "1"]
[WhiteTeam "Wood Green"]
[BlackTeam "Barbican"]
[WhiteTeamCountry "ENG"]
[BlackTeamCountry "ENG"]

1. d4 Nf6 2. Nf3 c5 3. c3 e6 4. Bf4 Nc6 5. e3 d5 6. Nbd2 Bd6 7. Bg3 Bxg3 8.
hxg3 Qd6 9. Qc2 e5 10. dxe5 Nxe5 11. Nxe5 Qxe5 12. Bb5+ Bd7 13. Bxd7+ Kxd7 14.
O-O-O Kc7 15. c4 Rad8 16. Rh4 Kb8 17. Nf3 1/2-1/2

[Event "4NCL9495 2nd Season"]
[Site "Various Venues"]
[Date "1995.01.21"]
[Round "5.8"]
[White "Flower, David"]
[Black "Jackson, Sheila"]
[Result "1/2-1/2"]
[WhiteElo "2060"]
[BlackElo "2180"]
[PlyCount "64"]
[EventDate "1994.10.01"]
[EventType "team-tourn"]
[EventRounds "11"]
[EventCountry "GBR"]
[SourceTitle "BritBase"]
[SourceDate "2020.05.17"]
[SourceVersion "1"]
[SourceVersionDate "2020.05.17"]
[SourceQuality "1"]
[WhiteTeam "Barbican"]
[BlackTeam "Wood Green"]
[WhiteTeamCountry "ENG"]
[BlackTeamCountry "ENG"]

1. Nf3 d5 2. g3 Bg4 3. Bg2 c6 4. O-O Nf6 5. d3 e6 6. Nbd2 Be7 7. b3 O-O 8. Bb2
h6 9. Ne5 Bf5 10. e4 Bh7 11. Ng4 Nxg4 12. Qxg4 Bf6 13. e5 Be7 14. Qe2 a5 15. a3
b5 16. f4 Qb6+ 17. Kh1 Nd7 18. g4 Rfe8 19. f5 exf5 20. gxf5 Nxe5 21. Bxe5 Bd6
22. d4 f6 23. Qg4 Bxe5 24. dxe5 Rxe5 25. Rae1 Bxf5 26. Qh5 Be4 27. Qh3 Rae8 28.
Nxe4 dxe4 29. Rf5 R5e6 30. Qh5 Kh7 31. Rxf6 gxf6 32. Bxe4+ Rxe4 1/2-1/2

[Event "4NCL9495 2nd Season"]
[Site "Various Venues"]
[Date "1995.01.21"]
[Round "5.1"]
[White "Webster, Andrew"]
[Black "Beaumont, Chris"]
[Result "1-0"]
[WhiteElo "2410"]
[BlackElo "2350"]
[PlyCount "47"]
[EventDate "1994.10.01"]
[EventType "team-tourn"]
[EventRounds "11"]
[EventCountry "GBR"]
[SourceTitle "BritBase"]
[SourceDate "2020.05.17"]
[SourceVersion "1"]
[SourceVersionDate "2020.05.17"]
[SourceQuality "1"]
[WhiteTeam "Midland Monarchs"]
[BlackTeam "Bristol"]
[WhiteTeamCountry "ENG"]
[BlackTeamCountry "ENG"]

1. c4 g6 2. Nc3 Bg7 3. d4 Nf6 4. e4 d6 5. Be2 O-O 6. Nf3 e5 7. Bg5 h6 8. Bh4
exd4 9. Nxd4 Re8 10. f3 c6 11. O-O Qb6 12. Na4 Qa5 13. Rc1 Nbd7 14. a3 Nh5 15.
Nc3 Qb6 16. Bf2 Qxb2 $2 17. Na4 Qxa3 18. Ra1 Qb4 19. Be1 Bxd4+ 20. Qxd4 Qb3 21.
Bc3 Ne5 22. Rfb1 Nf4 23. Bf1 Qc2 24. Rb2 (24. Rb2 Nh3+ 25. Kh1 Nf2+ 26. Qxf2
Qxf2 27. Rxf2 $18) 1-0

[Event "4NCL9495 2nd Season"]
[Site "Various Venues"]
[Date "1995.01.21"]
[Round "5.2"]
[White "Karlsson, Agust Sindri"]
[Black "Ledger, Andrew"]
[Result "0-1"]
[WhiteElo "2315"]
[BlackElo "2410"]
[PlyCount "78"]
[EventDate "1994.10.01"]
[EventType "team-tourn"]
[EventRounds "11"]
[EventCountry "GBR"]
[SourceTitle "BritBase"]
[SourceDate "2020.05.17"]
[SourceVersion "1"]
[SourceVersionDate "2020.05.17"]
[SourceQuality "1"]
[WhiteTeam "Bristol"]
[BlackTeam "Midland Monarchs"]
[WhiteTeamCountry "ENG"]
[BlackTeamCountry "ENG"]

1. e4 c6 2. d4 d5 3. exd5 cxd5 4. c4 Nf6 5. Nc3 e6 6. Nf3 Bb4 7. Bd3 dxc4 8.
Bxc4 Qc7 9. Qd3 O-O 10. O-O a6 11. Bg5 Nbd7 12. Rac1 b5 13. Bb3 Qb6 14. Ne5 Bb7
15. Bc2 g6 16. Nxd7 Nxd7 17. Bb3 Rfe8 18. Qh3 Qd6 19. Qh4 Rac8 20. Ne4 Qb6 21.
Be3 Bd5 22. Nc5 Qa7 23. Bxd5 exd5 24. a3 Nxc5 25. dxc5 Bxc5 26. Rxc5 Rxc5 27.
b4 Rc4 28. Qxc4 Qxe3 29. Qxd5 Qxa3 30. Qd4 Rc8 31. Re1 Qc1 32. Qe4 Qc6 33. Qe7
Kg7 34. h4 Qf6 35. Qb7 Rc4 36. Re4 Rc1+ 37. Kh2 Qxf2 38. Qe7 Qg1+ 39. Kh3 Rc3+
0-1

[Event "4NCL9495 2nd Season"]
[Site "Various Venues"]
[Date "1995.01.21"]
[Round "5.3"]
[White "Ferguson, Mark"]
[Black "Wall, Gavin"]
[Result "1/2-1/2"]
[WhiteElo "2370"]
[BlackElo "2275"]
[PlyCount "86"]
[EventDate "1994.10.01"]
[EventType "team-tourn"]
[EventRounds "11"]
[EventCountry "GBR"]
[SourceTitle "BritBase"]
[SourceDate "2020.05.17"]
[SourceVersion "1"]
[SourceVersionDate "2020.05.17"]
[SourceQuality "1"]
[WhiteTeam "Midland Monarchs"]
[BlackTeam "Bristol"]
[WhiteTeamCountry "ENG"]
[BlackTeamCountry "ENG"]

1. e4 e5 2. Nf3 d6 3. d4 exd4 4. Nxd4 Nf6 5. Nc3 Be7 6. Bf4 Nc6 7. Bc4 Ne5 8.
Bb3 a6 9. a4 O-O 10. O-O c5 11. Nde2 Ng6 12. Bg3 Be6 13. Nf4 Nxf4 14. Bxf4 c4
15. Ba2 Qb6 16. Be3 Qc6 17. f3 Rad8 18. Bd4 Rfe8 19. Bb1 Nd7 20. Ne2 d5 21. e5
Bc5 22. Kh1 Bf5 23. Ng3 Bxd4 24. Qxd4 Bg6 25. f4 Be4 26. Ra3 f6 27. exf6 Qxf6
28. Qxf6 Nxf6 29. a5 d4 30. Nxe4 Nxe4 31. Ba2 Kf8 32. Kg1 d3 33. cxd3 cxd3 34.
Rd1 d2 35. Kf1 Rd4 36. Re3 Red8 37. Bb1 Nc5 38. Ke2 h6 39. Bc2 Kf7 40. g3 Kf6
41. Re5 Ne6 42. Bb3 Nc7 43. Re3 Nd5 1/2-1/2

[Event "4NCL9495 2nd Season"]
[Site "Various Venues"]
[Date "1995.01.21"]
[Round "5.4"]
[White "Binks, Michael E"]
[Black "Buckley, Graeme"]
[Result "0-1"]
[WhiteElo "2110"]
[BlackElo "2310"]
[PlyCount "86"]
[EventDate "1994.10.01"]
[EventType "team-tourn"]
[EventRounds "11"]
[EventCountry "GBR"]
[SourceTitle "BritBase"]
[SourceDate "2020.05.17"]
[SourceVersion "1"]
[SourceVersionDate "2020.05.17"]
[SourceQuality "1"]
[WhiteTeam "Bristol"]
[BlackTeam "Midland Monarchs"]
[WhiteTeamCountry "ENG"]
[BlackTeamCountry "ENG"]

1. d4 d5 2. Nf3 Nf6 3. c4 e6 4. Nc3 Be7 5. Bf4 c6 6. e3 Nbd7 7. Bd3 O-O 8. cxd5
exd5 9. Qc2 Re8 10. O-O Nf8 11. h3 Ng6 12. Bg5 Ne4 13. Bxe7 Qxe7 14. Rfe1 Bf5
15. Nh2 Nh4 16. Bxe4 dxe4 17. Ne2 Qg5 18. Ng3 h5 19. Qe2 g6 20. Rac1 Kg7 21.
Rc5 Re6 22. Rec1 Rh8 23. d5 cxd5 24. Rxd5 Nxg2 25. Kh1 Nh4 26. Rg1 Qf6 27.
Nxh5+ Rxh5 28. Qxh5 Bxh3 29. Qg5 Qxf2 30. Qg3 Qxg3 31. Rxg3 Bf5 32. Kg1 Rc6 33.
Rd2 Rc1+ 34. Nf1 Nf3+ 35. Rxf3 exf3 36. Kf2 Be4 37. Nh2 Rc6 38. Kg3 Rf6 39. Rd4
Bc6 40. Ng4 f2 41. Nxf2 Rf3+ 42. Kg2 Rxe3+ 43. Kf1 f5 0-1

[Event "4NCL9495 2nd Season"]
[Site "Various Venues"]
[Date "1995.01.21"]
[Round "5.5"]
[White "Hunt, Harriet V"]
[Black "Mordue, A Tyson"]
[Result "1-0"]
[WhiteElo "2265"]
[BlackElo "2230"]
[PlyCount "41"]
[EventDate "1994.10.01"]
[EventType "team-tourn"]
[EventRounds "11"]
[EventCountry "GBR"]
[SourceTitle "BritBase"]
[SourceDate "2020.05.17"]
[SourceVersion "1"]
[SourceVersionDate "2020.05.17"]
[SourceQuality "1"]
[WhiteTeam "Midland Monarchs"]
[BlackTeam "Bristol"]
[WhiteTeamCountry "ENG"]
[BlackTeamCountry "ENG"]

1. e4 c5 2. Nf3 d6 3. d4 cxd4 4. Nxd4 Nf6 5. Nc3 a6 6. Be2 e6 7. O-O Be7 8. f4
Qc7 9. Kh1 O-O 10. Qe1 Nc6 11. Be3 Nxd4 12. Bxd4 e5 13. fxe5 dxe5 14. Qg3 Bd6
15. Be3 Kh8 16. Rxf6 gxf6 17. Nd5 Qxc2 18. Qh4 Qxe2 19. Qxf6+ Kg8 20. Bh6 Qg4
21. Qxd6 1-0

[Event "4NCL9495 2nd Season"]
[Site "Various Venues"]
[Date "1995.01.21"]
[Round "5.6"]
[White "Phillips, Roy Jean Noel"]
[Black "Cooper, Lawrence"]
[Result "1/2-1/2"]
[WhiteElo "2130"]
[BlackElo "2305"]
[PlyCount "51"]
[EventDate "1994.10.01"]
[EventType "team-tourn"]
[EventRounds "11"]
[EventCountry "GBR"]
[SourceTitle "BritBase"]
[SourceDate "2020.05.17"]
[SourceVersion "1"]
[SourceVersionDate "2020.05.17"]
[SourceQuality "1"]
[WhiteTeam "Bristol"]
[BlackTeam "Midland Monarchs"]
[WhiteTeamCountry "ENG"]
[BlackTeamCountry "ENG"]

1. d4 Nf6 2. c4 e6 3. Nc3 Bb4 4. g3 c5 5. Nf3 Ne4 6. Qd3 Qa5 7. Qxe4 Bxc3+ 8.
Bd2 Bxd2+ 9. Nxd2 d6 10. Bg2 O-O 11. dxc5 dxc5 12. a3 Nc6 13. O-O-O e5 14. e3
Be6 15. Qc2 Rac8 16. Ne4 h6 17. Nd6 Rc7 18. Rd2 Qb6 19. Nb5 Re7 20. Rhd1 a6 21.
Nc3 Na5 22. Rd6 Qc7 23. Nd5 Bxd5 24. Bxd5 Kh8 25. Bg2 Rfe8 26. Be4 1/2-1/2

[Event "4NCL9495 2nd Season"]
[Site "Various Venues"]
[Date "1995.01.21"]
[Round "5.7"]
[White "Baker, Chris W"]
[Black "Cole, Roland"]
[Result "1-0"]
[WhiteElo "2260"]
[BlackElo "2290"]
[PlyCount "65"]
[EventDate "1994.10.01"]
[EventType "team-tourn"]
[EventRounds "11"]
[EventCountry "GBR"]
[SourceTitle "BritBase"]
[SourceDate "2020.05.17"]
[SourceVersion "1"]
[SourceVersionDate "2020.05.17"]
[SourceQuality "1"]
[WhiteTeam "Midland Monarchs"]
[BlackTeam "Bristol"]
[WhiteTeamCountry "ENG"]
[BlackTeamCountry "ENG"]

1. e4 c5 2. Nc3 Nc6 3. Nge2 g6 4. d4 cxd4 5. Nxd4 Bg7 6. Be3 Nf6 7. Nxc6 dxc6
8. Qxd8+ Kxd8 9. O-O-O+ Nd7 10. Bc4 Ke8 11. Rd2 e6 12. Rhd1 Ke7 13. Na4 b6 14.
Rd6 Be5 15. Bg5+ Nf6 16. f4 Bxd6 17. e5 Ke8 18. Bxf6 Be7 19. Bxh8 b5 20. Bb3
bxa4 21. Bxa4 Bb7 22. Bf6 Bxf6 23. exf6 Rd8 24. Rxd8+ Kxd8 25. Kd2 Kd7 26. Ke3
Kd6 27. b4 h6 28. Kd4 Bc8 29. c4 Bd7 30. c5+ Kc7 31. Ke5 Be8 32. Bc2 Kd7 33.
Bd3 1-0

[Event "4NCL9495 2nd Season"]
[Site "Various Venues"]
[Date "1995.01.21"]
[Round "5.1"]
[White "Hanreck, Alan E"]
[Black "Bates, Richard A"]
[Result "0-1"]
[WhiteElo "2245"]
[BlackElo "2355"]
[PlyCount "145"]
[EventDate "1994.10.01"]
[EventType "team-tourn"]
[EventRounds "11"]
[EventCountry "GBR"]
[SourceTitle "BritBase"]
[SourceDate "2020.05.17"]
[SourceVersion "1"]
[SourceVersionDate "2020.05.17"]
[SourceQuality "1"]
[WhiteTeam "Invicta Knights"]
[BlackTeam "Covent Garden"]
[WhiteTeamCountry "ENG"]
[BlackTeamCountry "ENG"]

1. d4 Nf6 2. Nc3 d5 3. Bg5 Nbd7 4. Nf3 c6 5. e3 e6 6. Bd3 Bb4 7. O-O Qa5 8. Ne2
Bd6 9. Bf4 Qc7 10. Bxd6 Qxd6 11. Ng3 c5 12. c3 O-O 13. e4 dxe4 14. Nxe4 Nxe4
15. Bxe4 Nf6 16. Re1 cxd4 17. Nxd4 Nxe4 18. Rxe4 b6 19. Qh5 Bb7 20. Rh4 h6 21.
Re1 Qd5 22. Qxd5 Bxd5 23. a3 Rac8 24. Rh3 Rfd8 25. Rhe3 g5 26. f3 Kg7 27. Kf2
Rc5 28. g3 Kf6 29. Rd1 Bb7 30. f4 Rg8 31. Ne2 Ke7 32. Red3 Rd5 33. Rxd5 Bxd5
34. Rd4 Rc8 35. Ke3 Rc5 36. fxg5 hxg5 37. h4 gxh4 38. Rxh4 Rc8 39. Nd4 Rg8 40.
Ne2 Rg5 41. c4 Bg2 42. Kf2 Bb7 43. Ke3 Rf5 44. Rh8 Rf3+ 45. Kd2 Be4 46. Rg8 Kf6
47. Rg4 Ke5 48. Rg8 Bb1 49. Rd8 Bg6 50. Rd7 a5 51. Rb7 Bd3 52. Nf4 Bxc4 53.
Rxf7 Rxg3 54. Nh5 Rh3 55. Nf6 Kd4 56. Rd7+ Bd5 57. Nxd5 exd5 58. Rd6 b5 59. Rd8
Rh2+ 60. Kc1 Kc4 61. Rc8+ Kd4 62. Rg8 Re2 63. Rg3 a4 64. Rh3 Ke4 65. Rh5 Rf2
66. Rh4+ Ke3 67. Rh3+ Rf3 68. Rh5 d4 69. Re5+ Kd3 70. Kb1 Rf1+ 71. Ka2 Rc1 72.
Rxb5 Ke2 73. Re5+ 0-1

[Event "4NCL9495 2nd Season"]
[Site "Various Venues"]
[Date "1995.01.21"]
[Round "5.2"]
[White "Harley, Andrew D"]
[Black "Dickenson, Neil F"]
[Result "1-0"]
[WhiteElo "2285"]
[BlackElo "2315"]
[PlyCount "77"]
[EventDate "1994.10.01"]
[EventType "team-tourn"]
[EventRounds "11"]
[EventCountry "GBR"]
[SourceTitle "BritBase"]
[SourceDate "2020.05.17"]
[SourceVersion "1"]
[SourceVersionDate "2020.05.17"]
[SourceQuality "1"]
[WhiteTeam "Covent Garden"]
[BlackTeam "Invicta Knights"]
[WhiteTeamCountry "ENG"]
[BlackTeamCountry "ENG"]

1. e4 e6 2. d4 d5 3. Nc3 Bb4 4. e5 c5 5. a3 Bxc3+ 6. bxc3 Nc6 7. Qg4 g6 8. Qd1
Qa5 9. Bd2 Qa4 10. Be3 Nge7 11. Nf3 c4 12. h4 Bd7 13. h5 O-O-O 14. Ng5 Rdf8 15.
hxg6 fxg6 16. Rxh7 Rxh7 17. Nxh7 Rh8 18. Ng5 Nd8 19. g4 Rh1 20. Nh3 Bb5 21. Kd2
Nec6 22. Qf3 Rxf1 23. Rxf1 Qxa3 24. Rb1 Ba4 25. Qd1 b5 26. Ra1 Qf8 27. Ng5 Qe8
28. Qf3 Nb8 29. Qf6 b4 30. cxb4 c3+ 31. Ke1 Nd7 32. Qg7 Nb6 33. Qxa7 Qb5 34.
Qa5 Kb7 35. Ra3 Qc4 36. Qc5 Bb5 37. Qxc4 dxc4 38. Rxc3 Nd5 39. Ra3 1-0

[Event "4NCL9495 2nd Season"]
[Site "Various Venues"]
[Date "1995.01.21"]
[Round "5.3"]
[White "Brown, Simon D"]
[Black "Franklin, Michael J"]
[Result "1/2-1/2"]
[WhiteElo "2290"]
[BlackElo "2240"]
[PlyCount "31"]
[EventDate "1994.10.01"]
[EventType "team-tourn"]
[EventRounds "11"]
[EventCountry "GBR"]
[SourceTitle "BritBase"]
[SourceDate "2020.05.17"]
[SourceVersion "1"]
[SourceVersionDate "2020.05.17"]
[SourceQuality "1"]
[WhiteTeam "Invicta Knights"]
[BlackTeam "Covent Garden"]
[WhiteTeamCountry "ENG"]
[BlackTeamCountry "ENG"]

1. d4 Nf6 2. c4 e6 3. Nf3 Bb4+ 4. Nbd2 O-O 5. e3 d6 6. Be2 Qe7 7. O-O Bxd2 8.
Nxd2 e5 9. b3 Re8 10. Bb2 exd4 11. Bxd4 Nc6 12. Bf3 Ne5 13. Bxe5 dxe5 14. Ne4
Nxe4 15. Bxe4 f5 16. Bc2 1/2-1/2

[Event "4NCL9495 2nd Season"]
[Site "Various Venues"]
[Date "1995.01.21"]
[Round "5.4"]
[White "Moore, Gerald"]
[Black "Bibby, Simon"]
[Result "1/2-1/2"]
[WhiteElo "2210"]
[BlackElo "2255"]
[PlyCount "32"]
[EventDate "1994.10.01"]
[EventType "team-tourn"]
[EventRounds "11"]
[EventCountry "GBR"]
[SourceTitle "BritBase"]
[SourceDate "2020.05.17"]
[SourceVersion "1"]
[SourceVersionDate "2020.05.17"]
[SourceQuality "1"]
[WhiteTeam "Covent Garden"]
[BlackTeam "Invicta Knights"]
[WhiteTeamCountry "ENG"]
[BlackTeamCountry "ENG"]

1. Nf3 Nf6 2. c4 g6 3. Nc3 Bg7 4. e4 O-O 5. d4 d6 6. Be2 e5 7. Be3 Ng4 8. Bg5
f6 9. Bc1 Nc6 10. O-O Qe8 11. dxe5 Ngxe5 12. Nd5 Rf7 13. Bd2 Be6 14. Bc3 Nxf3+
15. Bxf3 Ne5 16. Be2 Bxd5 1/2-1/2

[Event "4NCL9495 2nd Season"]
[Site "Various Venues"]
[Date "1995.01.21"]
[Round "5.5"]
[White "Gormally, Daniel"]
[Black "Lyell, Mark"]
[Result "0-1"]
[WhiteElo "2168"]
[BlackElo "2260"]
[PlyCount "67"]
[EventDate "1994.10.01"]
[EventType "team-tourn"]
[EventRounds "11"]
[EventCountry "GBR"]
[SourceTitle "BritBase"]
[SourceDate "2020.05.17"]
[SourceVersion "1"]
[SourceVersionDate "2020.05.17"]
[SourceQuality "1"]
[WhiteTeam "Invicta Knights"]
[BlackTeam "Covent Garden"]
[WhiteTeamCountry "ENG"]
[BlackTeamCountry "ENG"]

1. e4 e5 2. Nf3 Nc6 3. Bb5 f5 4. d3 fxe4 5. dxe4 Nf6 6. Nc3 Bb4 7. O-O Bxc3 8.
bxc3 O-O 9. Qe2 d6 10. Nd2 Qe8 11. f3 Nh5 12. g3 g5 13. Nc4 Qg6 14. Ne3 Nd8 15.
Nd5 Kh8 16. Nxc7 Rb8 17. Ba3 Nf7 18. Bc4 g4 19. fxg4 Bxg4 20. Qf2 Nh6 21. Qxf8+
Rxf8 22. Rxf8+ Kg7 23. Rd8 Nf6 24. Bxd6 Qg5 25. Re1 Nxe4 26. Rxe4 Qxd8 27.
Rxg4+ Kf6 28. Nd5+ Ke6 29. Be7 Qa5 30. Rg7 Nf7 31. Bb4 Qd8 32. Ne3+ Kf6 33.
Rxf7+ Kg6 34. Bd3+ {time} 0-1

[Event "4NCL9495 2nd Season"]
[Site "Various Venues"]
[Date "1995.01.21"]
[Round "5.6"]
[White "McShane, Luke"]
[Black "Harakis, Alexis"]
[Result "0-1"]
[WhiteElo "2145"]
[BlackElo "2170"]
[PlyCount "68"]
[EventDate "1994.10.01"]
[EventType "team-tourn"]
[EventRounds "11"]
[EventCountry "GBR"]
[SourceTitle "BritBase"]
[SourceDate "2020.05.17"]
[SourceVersion "1"]
[SourceVersionDate "2020.05.17"]
[SourceQuality "1"]
[WhiteTeam "Covent Garden"]
[BlackTeam "Invicta Knights"]
[WhiteTeamCountry "ENG"]
[BlackTeamCountry "ENG"]

1. e4 e6 2. d4 d5 3. exd5 exd5 4. Bd3 Nc6 5. c3 Bd6 6. Ne2 Qh4 7. h3 Bg4 8. O-O
g5 9. Qe1 Nge7 10. f4 Bxe2 11. Qxh4 Bxf1 12. Qg3 gxf4 13. Qf3 Bxd3 14. Qxd3 Rg8
15. Nd2 O-O-O 16. Nf3 Rg3 17. Kh1 Rdg8 18. Qc2 Nd8 19. b3 Ne6 20. Nh2 R3g5 21.
Nf3 Rg3 22. Nh2 R3g5 23. Nf3 Rh5 24. Bd2 Nf5 25. Re1 Ng3+ 26. Kh2 Ng5 27. Qd3
N3e4 28. Rg1 Rg6 29. Nxg5 Rhxg5 30. Be1 f3+ 31. g3 f2 32. Bxf2 Nxf2 33. Qf3
Rxg3 34. Qf5+ Kb8 0-1

[Event "4NCL9495 2nd Season"]
[Site "Various Venues"]
[Date "1995.01.21"]
[Round "5.7"]
[White "Knowles, JF."]
[Black "Lazarus, Simon E"]
[Result "1/2-1/2"]
[WhiteElo "1944"]
[BlackElo "2088"]
[PlyCount "46"]
[EventDate "1994.10.01"]
[EventType "team-tourn"]
[EventRounds "11"]
[EventCountry "GBR"]
[SourceTitle "BritBase"]
[SourceDate "2020.05.17"]
[SourceVersion "1"]
[SourceVersionDate "2020.05.17"]
[SourceQuality "1"]
[WhiteTeam "Invicta Knights"]
[BlackTeam "Covent Garden"]
[WhiteTeamCountry "ENG"]
[BlackTeamCountry "ENG"]

1. e4 c5 2. Nf3 Nc6 3. Bb5 g6 4. c3 Bg7 5. d4 cxd4 6. cxd4 Qb6 7. Bxc6 dxc6 8.
h3 Nf6 9. Nc3 O-O 10. O-O c5 11. dxc5 Qxc5 12. Be3 Qa5 13. Nd4 Rd8 14. Qf3 Bd7
15. Nb3 Qh5 16. g4 Qe5 17. Rfd1 Bc6 18. Bf4 Qe6 19. Nd4 Rxd4 20. Rxd4 Nxg4 21.
Rd3 Bxc3 22. Rxc3 Nf6 23. Qe3 Qxe4 1/2-1/2

[Event "4NCL9495 2nd Season"]
[Site "Various Venues"]
[Date "1995.01.21"]
[Round "5.1"]
[White "Ansell, Simon"]
[Black "Quillan, Gary"]
[Result "1/2-1/2"]
[WhiteElo "2320"]
[BlackElo "2305"]
[PlyCount "95"]
[EventDate "1994.10.01"]
[EventType "team-tourn"]
[EventRounds "11"]
[EventCountry "GBR"]
[SourceTitle "BritBase"]
[SourceDate "2020.05.17"]
[SourceVersion "1"]
[SourceVersionDate "2020.05.17"]
[SourceQuality "1"]
[WhiteTeam "Witney"]
[BlackTeam "North West Eagles"]
[WhiteTeamCountry "ENG"]
[BlackTeamCountry "ENG"]

1. e4 e6 2. d4 d5 3. Nd2 Nf6 4. e5 Nfd7 5. f4 c5 6. c3 Nc6 7. Ndf3 Qb6 8. h4
cxd4 9. cxd4 Be7 10. a3 a5 11. Ne2 f6 12. Nc3 fxe5 13. fxe5 O-O 14. Bg5 Rxf3
15. gxf3 Bxg5 16. hxg5 Qxd4 17. Qxd4 Nxd4 18. Kf2 Nxe5 19. f4 Ng4+ 20. Kg3 Ne3
21. Bd3 Nef5+ 22. Kf2 Bd7 23. Rae1 Rf8 24. Ne2 Nb3 25. Ng3 Nc5 26. Bb1 g6 27.
b4 axb4 28. axb4 Nxg3 29. Kxg3 Ne4+ 30. Bxe4 dxe4 31. Rh2 Bc6 32. b5 Bd5 33.
Rc1 Rf7 34. Rc8+ Kg7 35. b6 e5 36. fxe5 Rf3+ 37. Kg2 e3 38. Rc7+ Kg8 39. Kg1
Rg3+ 40. Kf1 Rxg5 41. Rhxh7 Bc4+ 42. Rxc4 Kxh7 43. Rc7+ Kh6 44. e6 Re5 45. e7
g5 46. Rxb7 g4 47. Rc7 g3 48. Ke2 1/2-1/2